000 00723nam a2200253Ia 4500
003 OSt
005 20220918165235.0
006 a|||||r|||| 00| 0
007 ta
008 220917b |||||||| |||| 00| 0 eng d
020 _a1850655472 (pbk)
024 _a176,133
037 _cTextual
040 _aARTS
_cARTS
_beng
041 _2eng
_aeng
082 _aV438.N, P1 (SC)
100 _aTaylor Robert H. Ed.
_923366
245 0 _aBurma
_b political economy under military rule edited by Robert H. Taylor
260 _aLondon
_bHurst & Company
_c2000
300 _avii, 168p.
_ccm.
650 _aHISTORY
942 _hV438.N, P1 (SC)
_cTEXL
_2CC
999 _c128915
_d128915